000 00553nam a2200205Ia 4500
003 OSt
005 20260307123239.0
008 210210b1993 xxu||||| |||| 00| 0 eng d
040 _cAL
041 _aHindi
082 _a863/63
100 _aPRASAD (Jaishanker)
_dप्रसाद (जयशंकर)
_9162923
245 _aAjatashatru
_bअजातशत्रु
260 _aAllAhAbad
_bBharati Bhandar
_c1993
650 _ashatru
_9162924
650 _aAjAt
_9162925
690 _aHindi Drama
_9162926
906 _a023438
942 _2ddc
_cBK
999 _c148406
_d148406